| 000 | 00543nam a2200193Ia 4500 | ||
|---|---|---|---|
| 003 | OSt | ||
| 005 | 20250123125149.0 | ||
| 008 | 231217s9999 xx 000 0 und d | ||
| 020 | _a9780124427105 | ||
| 040 | _c0 | ||
| 041 | _aEnglish | ||
| 082 | _a591.29 LEF.4;1 R | ||
| 100 | _aLefkovits, Ivan. | ||
| 245 | 0 | _aImmunology methods manual : the comprehensive sourcebook of techniques Vol. 4 | |
| 260 |
_c1997 _bAcademic Press _aLondon |
||
| 300 | _axlix, 2495+i64 | ||
| 650 | _aImmunology,sourcebook,techniques,Vol. | ||
| 942 |
_cAA _2ddc |
||
| 999 |
_c198265 _d198265 |
||